[Event "Commonwealth-ch U14 Girls"]
[Site "New Delhi"]
[Date "2019.07.05"]
[Round "5.2"]
[White "Hemakshi, Chauhan"]
[Black "Divya, Deshmukh"]
[Result "0-1"]
[WhiteElo "1375"]
[BlackElo "2373"]
[PlyCount "84"]
[EventDate "2019.07.01"]
[EventType "swiss"]
[EventRounds "7"]
[EventCountry "IND"]
[SourceTitle "EXT 2024"]
[Source "ChessBase"]
[SourceDate "2023.10.10"]
[SourceVersion "1"]
[SourceVersionDate "2023.10.10"]
[SourceQuality "1"]

1. d4 Nf6 2. Bf4 e6 3. e3 b6 4. Nf3 Bb7 5. Be2 Be7 6. 0-0 h6 7. c4 0-0 8. Nc3 Nh5 9. Bg3 Nxg3 10. hxg3 d6 11. a3 Nd7 12. Rc1 e5 13. dxe5 dxe5 14. Nd5 c6 15. Nxe7+ Qxe7 16. Qc2 e4 17. Nd4 c5 18. Nb5 Ne5 19. Rfd1 f5 20. Nc3 Qf7 21. Nd5 Rad8 22. Nf4 g5 23. Qc3 Qe7 24. Nd5 Bxd5 25. cxd5 Qd6 26. Bc4 Rb8 27. a4 Kh7 28. Be2 a5 29. b3 Kg6 30. Qc2 g4 31. Kh2 h5 32. Kg1 Rh8 33. Qd2 h4 34. Bb5 h3 35. Be2 hxg2 36. Kxg2 Nf3 37. Qb2 Rh2+ 38. Kf1 Rbh8 39. Bxf3 gxf3 40. Ke1 Qxg3 41. fxg3 Rxb2 42. Rd2 Rh1+ 0-1

[Event "IND-ch U13 Girls"]
[Site "Ahmedabad"]
[Date "2018.06.15"]
[Round "2"]
[White "Hemakshi, Chauhan"]
[Black "Vishwa, Vasnawala"]
[Result "0-1"]
[WhiteElo "1328"]
[BlackElo "1758"]
[PlyCount "58"]
[EventDate "2018.06.14"]
[EventType "swiss"]
[EventRounds "11"]
[EventCountry "IND"]
[SourceTitle "EXT 2019"]
[Source "ChessBase"]
[SourceDate "2018.10.10"]
[SourceVersion "1"]
[SourceVersionDate "2018.10.10"]
[SourceQuality "1"]

1. d4 d5 2. Nf3 Nf6 3. Bf4 Bf5 4. e3 e6 5. Bd3 Bg6 6. c3 Bd6 7. Bg3 Ne4 8. Bc2 0-0 9. Nbd2 c5 10. Nh4 Nxd2 11. Nxg6 hxg6 12. Qxd2 Nc6 13. Bxd6 Qxd6 14. h3 e5 15. dxe5 Qxe5 16. 0-0 Rad8 17. Rfe1 Qg5 18. Rad1 Ne5 19. Kh1 Nc4 20. Qc1 Qh4 21. Rf1 g5 22. Kg1 g4 23. hxg4 Rd6 24. Bb3 Rh6 25. f3 Qg3 26. Bxc4 Rh2 27. Qd2 Qh4 28. g3 Qxg3+ 29. Qg2 Qxg2# 0-1